00531nai a2200157Ia 4500003000900000008004100009022002200050022002300072040001600095245003500111260003400146310001400180362002600194521006900220856008400289IN-BaIIA211028c9999 xx s 000 0 eng d a1464-7931 (Print) a1469-185X (Online) cIIA Library 0aBiological Reviewsh[eJournal] aNew JerseybJohn Wiley & Sons aBimonthly a72(1); 1997 - Present bSubscribed through National Knowledge Resource Consortium (NKRC) uhttps://onlinelibrary.wiley.com/journal/1469185xyClick Here to Access eJournal